000 00840nam a22002777a 4500
003 CHAP
005 20220329135441.0
008 971013s r 00010 d
010 _a36709
011 _a37681
035 _a41801
040 _cCHAP
090 _aFolleto 7073
110 _aMéxico. Dirección General de Distritos de Riego
_976971
245 _aDistritos de riego No. 014 Río Colorado
260 _aMexicali, B.C. :
_bLa Dirección,
_c(s.a.)
300 _as.p.
500 _aHoja desplegable
590 _aBATCH-UPD
_b10
_c20130409
_lUCH01
_h1951
590 _aBATCH-UPD
_b10
_c20130914
_lUCH01
_h1209
590 _aCONVERSION
_b10
_c20130109
_lUCH01
_h1321
650 1 4 _aDistrito de Riego Río Colorado, B.C.
_932917
901 _aBK
942 _cLIBRO
949 _aFolleto 7073
_bBC
_cFOLL
_d-96182
_eLIBRO
_i41801
_mD
_si
999 _c36709
_d36709